000 00587nam a2200229Ia 4500
003 OSt
005 20220918191717.0
006 a|||||r|||| 00| 0
007 ta
008 220917b |||||||| |||| 00| 0 eng d
024 _a64,713
037 _cTextual
040 _aARTS
_cARTS
_beng
041 _2eng
_aeng
082 _aQ4.498, G1 (Q4)
100 _aBell Charles
_976985
245 0 _aReligion of Tibet
260 _aOxford
_bClarendon Press
_c1931
650 _aRELIGION
942 _hQ4.498, G1 (Q4)
_cTEXL
_2CC
999 _c191080
_d191080